[Event "II Torneo C.V.A. A"]
[Site "Arvier ITA"]
[Date "2005.04.22"]
[Round "6"]
[White "Beccaris, Gabriele"]
[Black "Antoniacci, Riccardo"]
[Result "0-1"]
[WhiteElo "2091"]
[BlackElo "1997"]
[PlyCount "148"]
[EventDate "2005.04.18"]

1. e4 e5 2. Nf3 Nc6 3. d4 exd4 4. Bc4 Nf6 5. O-O Nxe4 6. Re1 d5 7. Bxd5 Qxd5 8.
Nc3 Qa5 9. Nxe4 Be6 10. Bd2 Qd5 11. Bg5 h6 12. Bf6 Be7 13. Bxg7 Rg8 14. Nf6+
Bxf6 15. Bxf6 Kd7 16. Bh4 Bg4 17. Re3 Rae8 18. Bg3 Kc8 19. c3 Re4 20. Rd3 Rge8
21. Qd2 Re2 22. Qxh6 Qe4 23. Rdd1 d3 24. Qf4 Qxf4 25. Bxf4 Bxf3 26. gxf3 Rxb2
27. Rxd3 Ree2 28. Bg3 Ne5 29. Bxe5 Rxe5 30. Re3 Rg5+ 31. Kf1 b6 32. Re2 Rxe2
33. Kxe2 Kd7 34. h4 Rh5 35. Rh1 Ke6 36. f4 Kf6 37. Ke3 Rd5 38. Re1 Kg6 39. a3
Ra5 40. Rg1+ Kh6 41. Ra1 c5 42. Rd1 Rxa3 43. Rd6+ Kg7 44. Kd3 b5 45. Rc6 c4+
46. Kd4 Ra2 47. Kc5 a6 48. f3 Ra3 49. Kd4 Ra1 50. Kc5 Rc1 51. Kb4 Rb1+ 52. Ka5
Rf1 53. Kxa6 Rxf3 54. Kxb5 Rxc3 55. Rxc4 Rh3 56. Kc5 Kf6 57. h5 Kf5 58. Kd5
Rxh5 59. Re4 Rh4 60. Re5+ Kxf4 61. Kd4 Rh3 62. Re4+ Kg5 63. Re8 f5 64. Rg8+ Kf4
65. Rg7 Kf3 66. Kd3 Kf2+ 67. Kd2 f4 68. Rf7 f3 69. Rg7 Rh8 70. Rg6 Rd8+ 71. Kc2
Kf1 72. Rg5 f2 73. Rg4 Ke2 74. Re4+ Kf3 0-1

[Event "II Torneo C.V.A. A"]
[Site "Arvier ITA"]
[Date "2005.04.22"]
[Round "6"]
[White "Bjarnason, Oskar"]
[Black "Orfali, Marcelo Rafael"]
[Result "1-0"]
[WhiteElo "2256"]
[BlackElo "2041"]
[PlyCount "51"]
[EventDate "2005.04.18"]

1. d4 d5 2. c4 e6 3. Nc3 Nf6 4. cxd5 exd5 5. Bg5 Be7 6. e3 c6 7. Bd3 Bg4 8. Qc2
Na6 9. a3 Qa5 10. Ra2 Bh5 11. f4 Ng4 12. Bxe7 Kxe7 13. b4 Qd8 14. h3 Nxe3 15.
Qf2 Re8 16. g4 Bxg4 17. hxg4 Nxg4 18. Re2+ Kf8 19. Rxh7 Kg8 20. Qg3 g6 21. Qh3
Qf6 22. Nf3 Rxe2+ 23. Nxe2 Re8 24. Ne5 Re7 25. Nxg4 Qxd4 26. Ne5 1-0

[Event "II Torneo C.V.A. A"]
[Site "Arvier ITA"]
[Date "2005.04.22"]
[Round "6"]
[White "Bonafede, Alessandro"]
[Black "Rombaldoni, Axel"]
[Result "1-0"]
[WhiteElo "2095"]
[BlackElo "2147"]
[PlyCount "49"]
[EventDate "2005.04.18"]

1. e4 c5 2. Nf3 Nc6 3. d4 cxd4 4. Nxd4 Nf6 5. Nc3 d6 6. Bc4 Bd7 7. Bb3 g6 8. f3
Nxd4 9. Qxd4 Bg7 10. Bg5 O-O 11. O-O-O Bc6 12. Qe3 Qc7 13. Bh6 b5 14. h4 a5 15.
h5 b4 16. hxg6 Bxh6 17. Qxh6 bxc3 18. g4 a4 19. g5 cxb2+ 20. Kd2 Qa5+ 21. c3
Qc5 22. Rhf1 axb3 23. gxf6 b1=N+ 24. Rxb1 Rxa2+ 25. Kd1 1-0

[Event "II Torneo C.V.A. A"]
[Site "Arvier ITA"]
[Date "2005.04.22"]
[Round "6"]
[White "Bondielli, Giorgio"]
[Black "Vrban, Damir"]
[Result "1/2-1/2"]
[WhiteElo "1976"]
[BlackElo "2131"]
[PlyCount "29"]
[EventDate "2005.04.18"]

1. e4 Nf6 2. e5 Nd5 3. d4 d6 4. exd6 cxd6 5. Bc4 Nb6 6. Bb3 Nc6 7. Nf3 d5 8.
Ne5 Nxe5 9. dxe5 Bf5 10. O-O Qd7 11. Be3 Nc4 12. Nc3 Nxe5 13. Nxd5 b5 14. Qe2
Nc4 15. Rad1 1/2-1/2

[Event "II Torneo C.V.A. A"]
[Site "Arvier ITA"]
[Date "2005.04.22"]
[Round "6"]
[White "De Leeuw, Johannes"]
[Black "Lundmark, Giorgio"]
[Result "1-0"]
[WhiteElo "1983"]
[BlackElo "1825"]
[PlyCount "63"]
[EventDate "2005.04.18"]

1. e4 c5 2. Nf3 Nc6 3. c4 d6 4. d4 cxd4 5. Nxd4 Qb6 6. Nb3 g6 7. Be3 Qc7 8. Nc3
Bg7 9. Qd2 Nf6 10. f3 O-O 11. Rc1 b6 12. Be2 Bb7 13. O-O Rfd8 14. Rfd1 Ne5 15.
Nd5 Qd7 16. Bh6 Bh8 17. Bg5 Nxd5 18. cxd5 Rdc8 19. h3 f6 20. Be3 Rxc1 21. Rxc1
Rc8 22. Nd4 Rxc1+ 23. Qxc1 Qc8 24. Qxc8+ Bxc8 25. f4 Nd7 26. Nc6 Kf8 27. Nxa7
Bb7 28. b4 Kf7 29. Bb5 Nb8 30. Bxb6 f5 31. Bc6 Bxc6 32. dxc6 1-0

[Event "II Torneo C.V.A. A"]
[Site "Arvier ITA"]
[Date "2005.04.22"]
[Round "6"]
[White "De Santis, Alessio"]
[Black "Efimov, Igor"]
[Result "1/2-1/2"]
[WhiteElo "2248"]
[BlackElo "2458"]
[PlyCount "33"]
[EventDate "2005.04.18"]

1. d4 Nf6 2. c4 c6 3. Nc3 d5 4. e3 a6 5. Bd3 Bg4 6. f3 Bh5 7. Nge2 e6 8. e4
dxe4 9. Nxe4 Nxe4 10. Bxe4 Nd7 11. Qb3 Qb6 12. Qxb6 Nxb6 13. b3 Bb4+ 14. Bd2 a5
15. a4 Bxd2+ 16. Kxd2 Bg6 17. Kc3 1/2-1/2

[Event "II Torneo C.V.A. A"]
[Site "Arvier ITA"]
[Date "2005.04.22"]
[Round "6"]
[White "Di Cio', Enrico"]
[Black "Ziltener, Werner"]
[Result "0-1"]
[WhiteElo "1820"]
[BlackElo "2095"]
[PlyCount "128"]
[EventDate "2005.04.18"]

1. e4 e5 2. Nf3 Nc6 3. d4 exd4 4. Nxd4 Nf6 5. Nxc6 bxc6 6. Bd3 d5 7. exd5 cxd5
8. O-O Be7 9. Bg5 O-O 10. Nc3 c6 11. Qf3 Bg4 12. Qg3 Bh5 13. Rfe1 Bg6 14. Rad1
Rb8 15. Bxg6 hxg6 16. Bc1 Bd6 17. Qf3 Qc7 18. h3 Nd7 19. Na4 Ne5 20. Qe2 Nd7
21. b3 Nf6 22. c4 Bb4 23. Bd2 Rfe8 24. Qd3 dxc4 25. bxc4 Rxe1+ 26. Bxe1 Bxe1
27. Rxe1 Qa5 28. Nc3 Rd8 29. Qe3 Re8 30. Qd2 Rxe1+ 31. Qxe1 Qb4 32. Qd2 Qxc4
33. f3 Nd5 34. Ne4 f5 35. Ng5 Qc5+ 36. Kh1 Qe3 37. Qxe3 Nxe3 38. Kg1 Nd5 39.
Kf2 a5 40. a3 Nc7 41. a4 Nd5 42. Ne6 Nb6 43. Nc5 f4 44. Ke2 Kf7 45. Kd3 Kf6 46.
Kd4 g5 47. Ne4+ Kf5 48. Kc5 Nxa4+ 49. Kxc6 Nb2 50. Kb5 a4 51. Kb4 Nd3+ 52. Kxa4
Ne1 53. Kb3 Nxg2 54. Kb2 Ne1 55. Nd2 Nd3+ 56. Kc2 Nf2 57. Nf1 Nxh3 58. Kd2 Nf2
59. Nh2 g4 60. fxg4+ Nxg4 61. Nf3 Ne5 62. Nd4+ Ke4 63. Ne6 Nf3+ 64. Kd1 g5 0-1

[Event "II Torneo C.V.A. A"]
[Site "Arvier ITA"]
[Date "2005.04.22"]
[Round "6"]
[White "Didoni, Renato"]
[Black "Corke, Anya S."]
[Result "1-0"]
[WhiteElo "2060"]
[BlackElo "2138"]
[PlyCount "115"]
[EventDate "2005.04.18"]

1. e4 c5 2. Nc3 Nc6 3. f4 e6 4. Nf3 a6 5. Be2 b5 6. b3 Bb7 7. O-O Nf6 8. Qe1
Qb6 9. Kh1 Nd4 10. Bd1 Be7 11. d3 Nxf3 12. Bxf3 d6 13. Qf2 O-O-O 14. b4 Qc7 15.
Ne2 h5 16. a4 Ng4 17. Qg1 d5 18. axb5 axb5 19. Nc3 Qb6 20. exd5 exd5 21. Ra5
Bc6 22. Bd2 d4 23. Ne4 cxb4 24. Rfa1 Bb7 25. Qb1 f5 26. Ng5 Bxg5 27. Bxb7+ Kxb7
28. fxg5 Qd6 29. Ra7+ Kc8 30. Ra8+ Kd7 31. R1a7+ Ke6 32. Ra6 Rxa8 33. Rxd6+
Kxd6 34. Qxb4+ Kc6 35. Qxd4 Ra4 36. Qc3+ Kb6 37. h3 Rc8 38. Qb2 f4 39. hxg4
hxg4 40. c4 b4 41. Bxf4 Rca8 42. Qd4+ Kc6 43. Qd6+ Kb7 44. Qc7+ Ka6 45. c5 Rh8+
46. Kg1 Ra1+ 47. Kf2 Ra2+ 48. Ke3 Kb5 49. Qb6+ Ka4 50. c6 Kb3 51. c7 Kc3 52.
Qc6+ Kb2 53. c8=Q Rxc8 54. Qxc8 b3 55. Be5+ Kb1 56. Qc3 b2 57. Kd2 Ka1 58. Qc1#
1-0

[Event "II Torneo C.V.A. A"]
[Site "Arvier ITA"]
[Date "2005.04.22"]
[Round "6"]
[White "Garcia Palermo, Carlos Horacio"]
[Black "Ortega, Lexy"]
[Result "1-0"]
[WhiteElo "2459"]
[BlackElo "2439"]
[PlyCount "77"]
[EventDate "2005.04.18"]

1. d4 Nf6 2. Nf3 g6 3. c3 Bg7 4. Bg5 d6 5. Nbd2 c5 6. Bxf6 exf6 7. dxc5 dxc5 8.
Ne4 Qb6 9. Nd6+ Ke7 10. Nxc8+ Rxc8 11. Qc2 f5 12. e4 fxe4 13. Qxe4+ Kf8 14.
O-O-O Re8 15. Qf4 Qf6 16. Qxf6 Bxf6 17. Bb5 Rc8 18. Bc4 Rc7 19. h4 Nd7 20. Ng5
h6 21. Nxf7 Nb6 22. Nd6 Rd8 23. Be2 Rcd7 24. Ne4 Rxd1+ 25. Bxd1 Be7 26. h5 g5
27. Ng3 Bd6 28. Nf5 Bf4+ 29. Kb1 Rd2 30. g3 Be5 31. Nxh6 Nc4 32. Bc2 Bxc3 33.
bxc3 Na3+ 34. Kb2 Nxc2 35. Kc1 Rxf2 36. Ng4 Re2 37. Kd1 Rg2 38. h6 Kg8 39. h7+
1-0

[Event "II Torneo C.V.A. A"]
[Site "Arvier ITA"]
[Date "2005.04.22"]
[Round "6"]
[White "Greevenbosch, Cornelis"]
[Black "Renzini, Lorenzo"]
[Result "1-0"]
[WhiteElo "1794"]
[BlackElo "1736"]
[PlyCount "44"]
[EventDate "2005.04.18"]

1. e4 c5 2. Nf3 d6 3. d4 cxd4 4. Nxd4 Nf6 5. Nc3 a6 6. Bg5 e6 7. Be2 Be7 8. O-O
O-O 9. Kh1 Nc6 10. f4 Qc7 11. f5 Nxd4 12. Qxd4 Qc5 13. Qxc5 dxc5 14. e5 Nd5 15.
f6 Bd8 16. Ne4 Bc7 17. c4 Nb4 18. fxg7 Rd8 19. Bxd8 Bxd8 20. Nd6 Kxg7 21. Rxf7+
Kg6 22. Rf8 Bd7 1-0

[Event "II Torneo C.V.A. A"]
[Site "Arvier ITA"]
[Date "2005.04.22"]
[Round "6"]
[White "Hansen, Henrik Damgaard"]
[Black "Rossi, Giampiero"]
[Result "0-1"]
[WhiteElo "1909"]
[BlackElo "2030"]
[PlyCount "76"]
[EventDate "2005.04.18"]

1. e4 c5 2. c3 d5 3. exd5 Qxd5 4. d4 e6 5. Nf3 Nc6 6. Be2 cxd4 7. cxd4 Nf6 8.
Nc3 Qd6 9. O-O Be7 10. Nb5 Qb8 11. g3 Nd5 12. Bc4 a6 13. Nc3 Nxc3 14. bxc3 O-O
15. Qe2 b5 16. Rb1 Bb7 17. Bd3 Qc7 18. Bd2 Rfd8 19. h4 h6 20. Rfe1 Bf6 21. Nh2
Rd7 22. Be3 Qd8 23. Qg4 Kf8 24. Rb2 Rc8 25. a3 Na5 26. Rc2 Nc4 27. Bxc4 Rxc4
28. Rcc1 Rdc7 29. Bd2 Qd5 30. f3 Rd7 31. Kf2 Be7 32. Re5 Qc6 33. Bxh6 Bf6 34.
Bxg7+ Bxg7 35. Rg5 Rcxd4 36. Qh5 Rd2+ 37. Ke1 Qb6 38. Rc5 R7d5 0-1

[Event "II Torneo C.V.A. A"]
[Site "Arvier ITA"]
[Date "2005.04.22"]
[Round "6"]
[White "Karl, Hans"]
[Black "Hecht, Hans-Joachim"]
[Result "0-1"]
[WhiteElo "2294"]
[BlackElo "2384"]
[PlyCount "54"]
[EventDate "2005.04.18"]

1. e4 e5 2. Nf3 Nc6 3. Bb5 f5 4. d4 fxe4 5. Nxe5 Nxe5 6. dxe5 c6 7. Bc4 Qa5+ 8.
Nc3 Qxe5 9. g3 Nf6 10. Bf4 Qc5 11. Be2 d5 12. Be3 Qa5 13. a3 Bd6 14. Qd2 Qc7
15. O-O-O Be6 16. h3 O-O-O 17. g4 h6 18. Na4 c5 19. g5 hxg5 20. Bxg5 d4 21. Kb1
e3 22. Qe1 Bd7 23. b3 Bxa4 24. bxa4 Ne4 25. Bxd8 Rxd8 26. fxe3 Nc3+ 27. Ka1 Qf7
0-1

[Event "II Torneo C.V.A. A"]
[Site "Arvier ITA"]
[Date "2005.04.22"]
[Round "6"]
[White "Malano, Francesco"]
[Black "Bisignano, Giuseppe"]
[Result "1-0"]
[WhiteElo "2026"]
[BlackElo "1956"]
[PlyCount "71"]
[EventDate "2005.04.18"]

1. f4 d5 2. b3 c5 3. Bb2 Nc6 4. e3 Nf6 5. d3 Bf5 6. Be2 e6 7. Nd2 c4 8. bxc4
Qb6 9. Bxf6 gxf6 10. d4 dxc4 11. Nxc4 Bb4+ 12. Kf2 Qc7 13. Rb1 Rg8 14. Bd3 Bg4
15. Nf3 Rd8 16. a3 Be7 17. h3 Bh5 18. Qe2 e5 19. g4 exf4 20. exf4 Qxf4 21. Rxb7
Bg6 22. Bxg6 Rxg6 23. c3 Kf8 24. Qe3 Bd6 25. Qxf4 Bxf4 26. Nh4 Rg5 27. Kf3 Bb8
28. Nf5 Rc8 29. Rhb1 Bh2 30. Ncd6 Bxd6 31. Nxd6 Rd8 32. Nxf7 Ra5 33. Nxd8 Nxd8
34. Rxh7 Rxa3 35. Rb8 Rxc3+ 36. Ke4 1-0

[Event "II Torneo C.V.A. A"]
[Site "Arvier ITA"]
[Date "2005.04.22"]
[Round "6"]
[White "Naumkin, Igor"]
[Black "Bruno, Fabio"]
[Result "1/2-1/2"]
[WhiteElo "2412"]
[BlackElo "2374"]
[PlyCount "35"]
[EventDate "2005.04.18"]

1. d4 d5 2. c4 c6 3. Nf3 Nf6 4. Nc3 e6 5. e3 Nbd7 6. Qc2 Bd6 7. Bd3 O-O 8. O-O
dxc4 9. Bxc4 e5 10. Bb3 Qe7 11. h3 Bc7 12. Nh4 Nb6 13. dxe5 Qxe5 14. f4 Qh5 15.
Nf3 Nbd5 16. Nxd5 Nxd5 17. Ng5 Nf6 18. Bd2 1/2-1/2

[Event "II Torneo C.V.A. A"]
[Site "Arvier ITA"]
[Date "2005.04.22"]
[Round "6"]
[White "Papale, Carmelo"]
[Black "Battistella, Stefano"]
[Result "0-1"]
[WhiteElo "1955"]
[BlackElo "2055"]
[PlyCount "56"]
[EventDate "2005.04.18"]

1. e4 c5 2. Nf3 Nf6 3. Nc3 d5 4. exd5 Nxd5 5. Bc4 Nb6 6. Bb5+ Bd7 7. Ne5 Bxb5
8. Nxb5 a6 9. Nc3 N8d7 10. Qe2 e6 11. d3 Be7 12. O-O O-O 13. b3 Nxe5 14. Qxe5
Bf6 15. Qe1 Nd5 16. Bd2 b5 17. Rc1 Rc8 18. Ne4 Bb2 19. Rb1 Ba3 20. Ng5 h6 21.
Nxe6 fxe6 22. Qxe6+ Kh7 23. Qxa6 Bb4 24. Bxb4 cxb4 25. Rbc1 Nc3 26. Rfe1 Qg5
27. Kf1 Qc5 28. Re3 Qxe3 0-1

[Event "II Torneo C.V.A. A"]
[Site "Arvier ITA"]
[Date "2005.04.22"]
[Round "6"]
[White "Pegoraro, Nicola"]
[Black "Lattanzi, Domenico"]
[Result "1-0"]
[WhiteElo "2082"]
[BlackElo "1898"]
[PlyCount "59"]
[EventDate "2005.04.18"]

1. e4 c5 2. Nf3 d6 3. d4 cxd4 4. Nxd4 Nf6 5. Nc3 a6 6. Bg5 e6 7. f4 Be7 8. Qf3
Qc7 9. O-O-O Nc6 10. Nxc6 Qxc6 11. Qg3 Nxe4 12. Nxe4 Qxe4 13. Bxe7 Kxe7 14. Bd3
Qd4 15. Rhe1 Qf6 16. f5 e5 17. Be4 Rb8 18. Qa3 Rd8 19. g4 h5 20. h3 Qg5+ 21.
Kb1 h4 22. Bd5 f6 23. Qb3 b5 24. Bg8 Rf8 25. Be6 Bb7 26. Qb4 Rfd8 27. Qa5 Rbc8
28. Bxc8 Rxc8 29. Qb6 Bf3 30. Qxd6+ 1-0

[Event "II Torneo C.V.A. A"]
[Site "Arvier ITA"]
[Date "2005.04.22"]
[Round "6"]
[White "Ronchetti, Niccolo'"]
[Black "Rossi, Aldo A."]
[Result "1-0"]
[WhiteElo "2364"]
[BlackElo "2108"]
[PlyCount "45"]
[EventDate "2005.04.18"]

1. e4 g6 2. d4 Bg7 3. Nc3 d5 4. exd5 Nf6 5. Bc4 Nbd7 6. Nf3 O-O 7. O-O Nb6 8.
Bb3 Nfxd5 9. Ne4 Bg4 10. h3 Bxf3 11. Qxf3 c6 12. Bg5 Nd7 13. Rad1 N5f6 14. Rfe1
h6 15. Bh4 Qc7 16. Bg3 Qd8 17. Nc5 b6 18. Nd3 Rc8 19. Ne5 Nxe5 20. dxe5 Nd7 21.
e6 fxe6 22. Bxe6+ Kh7 23. Qa3 1-0

[Event "II Torneo C.V.A. A"]
[Site "Arvier ITA"]
[Date "2005.04.22"]
[Round "6"]
[White "Sarno, Spartaco"]
[Black "Rombaldoni, Denis"]
[Result "1/2-1/2"]
[WhiteElo "2382"]
[BlackElo "2336"]
[PlyCount "47"]
[EventDate "2005.04.18"]

1. c4 e6 2. Nf3 Nf6 3. g3 c5 4. Bg2 Nc6 5. O-O Be7 6. b3 O-O 7. Bb2 Qc7 8. e3
b6 9. Qe2 Bb7 10. Nc3 Rad8 11. Rac1 Qb8 12. Rfd1 Qa8 13. d3 d5 14. cxd5 Nxd5
15. Nxd5 Rxd5 16. e4 Rd7 17. d4 cxd4 18. Nxd4 Rfd8 19. Nxc6 Bxc6 20. Rxd7 Rxd7
21. h4 Bb7 22. h5 h6 23. Rd1 Qd8 24. Rxd7 1/2-1/2

[Event "II Torneo C.V.A. A"]
[Site "Arvier ITA"]
[Date "2005.04.22"]
[Round "6"]
[White "Siegmund, Rainer"]
[Black "Cavatorta, Fosco"]
[Result "1-0"]
[WhiteElo "2149"]
[BlackElo "1997"]
[PlyCount "155"]
[EventDate "2005.04.18"]

1. d4 d6 2. Nf3 Bg4 3. c4 Nd7 4. Nc3 e5 5. g3 Bxf3 6. exf3 exd4 7. Qxd4 Ne7 8.
f4 Nc6 9. Qd1 Qe7+ 10. Be3 Nf6 11. Bg2 Qd7 12. O-O Be7 13. Nd5 Bd8 14. Bd2 O-O
15. Bc3 Qf5 16. Qb3 Rb8 17. Rfe1 Nxd5 18. cxd5 Ne7 19. Re2 Qd7 20. Rae1 c6 21.
Qa4 b5 22. dxc6 Nxc6 23. Qe4 b4 24. Bxg7 Kxg7 25. Qxc6 Qxc6 26. Bxc6 Rb6 27.
Bd5 a5 28. Bb3 Bf6 29. Rd1 Ra8 30. Bd5 Ra7 31. Red2 a4 32. b3 Bc3 33. Rd3 axb3
34. Bxb3 Rd7 35. Rd5 h6 36. Kg2 Bf6 37. h4 Be7 38. Rc1 Rb8 39. Rc4 Rdb7 40. Kh3
Rb5 41. Rc7 R5b7 42. Rxb7 Rxb7 43. Kg4 Rb6 44. Kf5 Bf6 45. Ke4 Bc3 46. h5 Bf6
47. g4 Bh4 48. f3 Be7 49. g5 Rb7 50. Rf5 Bd8 51. gxh6+ Kxh6 52. Rxf7 Rxf7 53.
Bxf7 Bb6 54. Kd5 Be3 55. Ke4 Bd2 56. Kf5 Be3 57. Kg4 Kg7 58. Bd5 Kh6 59. f5 Bd4
60. f4 Bf6 61. Bf7 Kg7 62. Bd5 Kh6 63. Bf3 Bc3 64. Kg3 Kg7 65. Be2 Bd2 66. Kf3
Bc1 67. Ke4 Bd2 68. Bc4 Bc1 69. Be2 Bd2 70. Bd3 Bc1 71. Kf3 Bd2 72. Kg4 Kh6 73.
f6 Bc3 74. Kf5 Kxh5 75. Ke6 Kg4 76. f7 Bg7 77. f5 Bf8 78. Kd7 1-0

[Event "II Torneo C.V.A. A"]
[Site "Arvier ITA"]
[Date "2005.04.22"]
[Round "6"]
[White "Straub, Peter"]
[Black "Virzi, Ettore"]
[Result "1/2-1/2"]
[WhiteElo "2112"]
[BlackElo "1972"]
[PlyCount "42"]
[EventDate "2005.04.18"]

1. d4 d5 2. c4 e6 3. Nc3 c6 4. Nf3 dxc4 5. a4 Bb4 6. e3 b5 7. Ne5 Nf6 8. Bd2
Bb7 9. Be2 a6 10. O-O Be7 11. axb5 axb5 12. Qc2 O-O 13. Rxa8 Bxa8 14. Ra1 Nbd7
15. f4 Nxe5 16. fxe5 Nd5 17. Ne4 f5 18. exf6 Nxf6 19. Ng5 c5 20. Nxe6 Qd5 21.
Bf3 Qxe6 1/2-1/2

[Event "II Torneo C.V.A. A"]
[Site "Arvier ITA"]
[Date "2005.04.22"]
[Round "6"]
[White "Turino, Luca"]
[Black "Traversi, Carlo"]
[Result "1-0"]
[WhiteElo "1694"]
[BlackElo "1820"]
[PlyCount "77"]
[EventDate "2005.04.18"]

1. d4 Nf6 2. c4 g6 3. Nc3 d5 4. Bf4 a6 5. cxd5 Nxd5 6. Nxd5 Qxd5 7. Bxc7 Bg7 8.
e3 Bd7 9. Nf3 O-O 10. b3 Rc8 11. Bc4 Qe4 12. Be5 Nc6 13. Bxg7 Kxg7 14. Bd3 Qd5
15. O-O Bg4 16. e4 Qh5 17. Be2 Rd8 18. d5 Ne5 19. Qd4 f6 20. Qe3 Rac8 21. Rac1
Nxf3+ 22. Bxf3 Bxf3 23. Qxf3 Qxf3 24. gxf3 g5 25. Kg2 h5 26. Kg3 Kg6 27. f4 f5
28. f3 fxe4 29. fxe4 gxf4+ 30. Kxf4 Rf8+ 31. Ke5 Rxf1 32. Rxc8 Rf2 33. Ke6 Rxh2
34. Kxe7 Rf2 35. d6 Rf7+ 36. Kd8 h4 37. Rc1 h3 38. d7 h2 39. Kc8 1-0

[Event "II Torneo C.V.A. A"]
[Site "Arvier ITA"]
[Date "2005.04.22"]
[Round "6"]
[White "Vocaturo, Daniele"]
[Black "Cebalo, Miso"]
[Result "0-1"]
[WhiteElo "2303"]
[BlackElo "2507"]
[PlyCount "110"]
[EventDate "2005.04.18"]

1. e4 d5 2. exd5 Nf6 3. d4 Bg4 4. Be2 Bxe2 5. Nxe2 Nxd5 6. O-O e6 7. c4 Nb6 8.
Nbc3 Be7 9. b3 O-O 10. Bb2 a5 11. Qd3 a4 12. Rad1 axb3 13. axb3 N8d7 14. Qf3
Nf6 15. Rd2 c6 16. Rfd1 Ba3 17. Ba1 Bb4 18. Rd3 Qe7 19. Ng3 Rfd8 20. Re3 Nbd7
21. Nce4 Nxe4 22. Nxe4 f5 23. Ng3 Qf7 24. Nh5 Nf6 25. Nf4 Ne4 26. Nd3 Bd6 27.
Qe2 Qf6 28. f3 Rxa1 29. Rxa1 Qxd4 30. Re1 f4 31. Nxf4 Bxf4 32. fxe4 Bxe3+ 33.
Qxe3 Kf7 34. e5 Kg6 35. Kf1 Rf8+ 36. Kg1 Rf4 37. Qxd4 Rxd4 38. Re3 Kf5 39. h3
b5 40. cxb5 cxb5 41. Kh2 h5 42. g3 g5 43. Kg2 Rd2+ 44. Kg1 b4 45. Kf1 Rc2 46.
Ke1 g4 47. h4 Rc5 48. Kf2 Rxe5 49. Rd3 Rd5 50. Re3 e5 51. Re2 Rd3 52. Rb2 Rc3
53. Kg2 Ke4 54. Re2+ Kd4 55. Rd2+ Rd3 0-1

[Event "II Torneo C.V.A. A"]
[Site "Arvier ITA"]
[Date "2005.04.23"]
[Round "7"]
[White "Antoniacci, Riccardo"]
[Black "Sarno, Spartaco"]
[Result "0-1"]
[WhiteElo "1997"]
[BlackElo "2382"]
[PlyCount "70"]
[EventDate "2005.04.18"]

1. e4 d6 2. d4 Nf6 3. Nc3 g6 4. Bg5 Bg7 5. f4 O-O 6. Nf3 c6 7. Qd2 b5 8. Bd3
Bg4 9. O-O Qb6 10. Ne2 Nbd7 11. c3 c5 12. Kh1 d5 13. e5 Ne4 14. Qe3 Bxf3 15.
gxf3 Nxg5 16. fxg5 cxd4 17. Qxd4 Rab8 18. f4 e6 19. Qxb6 Rxb6 20. Nd4 b4 21. c4
Nc5 22. Be2 Rd8 23. Rfc1 Bf8 24. Rc2 dxc4 25. Rxc4 Na4 26. Rb1 Rb7 27. Nf3 Nb6
28. Re4 Rc7 29. Ba6 Rd5 30. Bf1 Ra5 31. Ra1 Rc2 32. Nd4 Rxb2 33. Nc6 Raxa2 34.
Rxa2 Rxa2 35. Nxb4 Ra4 0-1

[Event "II Torneo C.V.A. A"]
[Site "Arvier ITA"]
[Date "2005.04.23"]
[Round "7"]
[White "Battistella, Stefano"]
[Black "Bondielli, Giorgio"]
[Result "1/2-1/2"]
[WhiteElo "2055"]
[BlackElo "1976"]
[PlyCount "59"]
[EventDate "2005.04.18"]

1. c4 e5 2. g3 f5 3. Bg2 Nf6 4. d3 Bc5 5. Nc3 c6 6. a3 a5 7. e3 O-O 8. Nge2 d6
9. d4 Ba7 10. O-O Na6 11. Rb1 Be6 12. d5 Bd7 13. b4 axb4 14. axb4 c5 15. b5 Nb4
16. Ba3 Qc7 17. Bxb4 cxb4 18. Rxb4 Bc5 19. Ra4 Ra5 20. Rxa5 Qxa5 21. Qa4 Ra8
22. Qxa5 Rxa5 23. Rb1 Be8 24. Nc1 Nd7 25. Bh3 g6 26. e4 f4 27. gxf4 exf4 28.
Bxd7 Bxd7 29. Kg2 Ra3 30. Rb3 1/2-1/2

[Event "II Torneo C.V.A. A"]
[Site "Arvier ITA"]
[Date "2005.04.23"]
[Round "7"]
[White "Bisignano, Giuseppe"]
[Black "Di Cio', Enrico"]
[Result "1-0"]
[WhiteElo "1956"]
[BlackElo "1820"]
[PlyCount "77"]
[EventDate "2005.04.18"]

1. e4 e5 2. Nf3 Nc6 3. Bb5 a6 4. Ba4 Nf6 5. O-O b5 6. Bb3 Bc5 7. Nxe5 Bxf2+ 8.
Rxf2 Nxe5 9. h3 O-O 10. d4 Nc4 11. Bg5 h6 12. Bxf6 gxf6 13. Qh5 Kh7 14. Nd2
Nxd2 15. Bxf7 Rg8 16. Bxg8+ Qxg8 17. Rxd2 Bb7 18. d5 Qg7 19. Rf1 Rg8 20. Qf5+
Qg6 21. Rdf2 Rf8 22. Qxd7+ Rf7 23. Qe6 Kg7 24. e5 f5 25. Rxf5 Rxf5 26. Rxf5
Bxd5 27. Qd7+ Kh8 28. Rf8+ Bg8 29. Qxc7 Qg3 30. Qc3 Qg5 31. e6+ Kh7 32. Qf6
Qxf6 33. Rxf6 Kg7 34. e7 Bf7 35. Rxa6 Be8 36. Kf2 h5 37. g3 Kf7 38. Ra8 Kxe7
39. Rxe8+ 1-0

[Event "II Torneo C.V.A. A"]
[Site "Arvier ITA"]
[Date "2005.04.23"]
[Round "7"]
[White "Bjarnason, Oskar"]
[Black "Abergel, Thal"]
[Result "0-1"]
[WhiteElo "2256"]
[BlackElo "2456"]
[PlyCount "54"]
[EventDate "2005.04.18"]

1. e4 c5 2. Nf3 Nc6 3. d4 cxd4 4. Nxd4 Nf6 5. Nc3 d6 6. Bg5 e6 7. Qd2 h6 8.
Bxf6 gxf6 9. Rd1 a6 10. Be2 Qb6 11. Nb3 Bd7 12. Bh5 Ne5 13. O-O Nc4 14. Qe2 Rc8
15. Rd4 Nxb2 16. Nd5 exd5 17. exd5+ Kd8 18. Bxf7 Na4 19. Be6 Nc5 20. Rc4 Bxe6
21. dxe6 Be7 22. Nd4 d5 23. Nf5 dxc4 24. Rd1+ Kc7 25. Nxe7 Qxe6 26. Nd5+ Kb8
27. Qxc4 Rhd8 0-1

[Event "II Torneo C.V.A. A"]
[Site "Arvier ITA"]
[Date "2005.04.23"]
[Round "7"]
[White "Bogatto, Mario"]
[Black "Lisandri, Luigi"]
[Result "1/2-1/2"]
[WhiteElo "1365"]
[BlackElo "1517"]
[PlyCount "120"]
[EventDate "2005.04.18"]

1. d4 Nf6 2. g3 e6 3. Bg2 d5 4. Nf3 Nc6 5. c3 Bd6 6. O-O h6 7. Nbd2 O-O 8. Re1
Re8 9. e4 dxe4 10. Nxe4 Nxe4 11. Rxe4 Ne7 12. Ne5 c6 13. Qh5 Bxe5 14. Rxe5 Ng6
15. Re1 Bd7 16. Be4 Nh8 17. Bxh6 f5 18. Bg5 Qb6 19. Bd3 Qxb2 20. Rec1 b5 21.
Qe2 Qa3 22. Be3 a5 23. Qc2 Qe7 24. a4 Nf7 25. axb5 cxb5 26. Qd1 Rec8 27. Qd2 a4
28. Rcb1 Qe8 29. Qe2 Nd6 30. Bf4 Nc4 31. Rb4 a3 32. Bxc4 bxc4 33. Bc1 Rc7 34.
Rxa3 Rxa3 35. Bxa3 Ra7 36. Qb2 Ra8 37. Rxc4 Bb5 38. Rc5 Bd3 39. Bb4 Be4 40. Ra5
Rb8 41. Qe2 Qc6 42. h4 Bf3 43. Qe5 Rf8 44. Qc5 Qe8 45. Ra7 Rf7 46. Rxf7 Kxf7
47. Qc7+ Kg6 48. Qe7 Qc6 49. Qg5+ Kh7 50. Bf8 Qb7 51. Qc1 Bh1 52. Qf1 Bf3 53.
Bb4 Qe4 54. Kh2 g6 55. Bd6 Qd5 56. Bf4 Qc6 57. Qa1 Qb7 58. Qa5 Bd5 59. Qc7+
Qxc7 60. Bxc7 Kh6 1/2-1/2

[Event "II Torneo C.V.A. A"]
[Site "Arvier ITA"]
[Date "2005.04.23"]
[Round "7"]
[White "Cavatorta, Fosco"]
[Black "Greevenbosch, Cornelis"]
[Result "0-1"]
[WhiteElo "1997"]
[BlackElo "1794"]
[PlyCount "70"]
[EventDate "2005.04.18"]

1. Nf3 d5 2. d3 Nf6 3. Nbd2 c5 4. g3 Nc6 5. Bg2 e5 6. e4 d4 7. O-O Bg4 8. h3
Bxf3 9. Nxf3 Nd7 10. Nh2 Bd6 11. f4 Qe7 12. Nf3 O-O-O 13. c3 f6 14. cxd4 Nxd4
15. Nxd4 cxd4 16. h4 Nc5 17. Bd2 Kb8 18. Ba5 b6 19. Be1 g5 20. fxg5 fxg5 21. h5
Rhf8 22. Bh3 Rxf1+ 23. Kxf1 Qf7+ 24. Bf5 g4 25. b4 Na6 26. Rb1 Qxh5 27. Kg1 Qg5
28. Bd2 Qe7 29. Qxg4 Rh8 30. Bg5 Qg7 31. Qh4 Rg8 32. Be6 Qxg5 33. Qxg5 Rxg5 34.
Rc1 Nc7 35. Kf2 Nxe6 0-1

[Event "II Torneo C.V.A. A"]
[Site "Arvier ITA"]
[Date "2005.04.23"]
[Round "7"]
[White "Cebalo, Miso"]
[Black "Garcia Palermo, Carlos Horacio"]
[Result "1/2-1/2"]
[WhiteElo "2507"]
[BlackElo "2459"]
[PlyCount "81"]
[EventDate "2005.04.18"]

1. d4 Nf6 2. c4 e6 3. Nc3 Bb4 4. f3 d5 5. a3 Bxc3+ 6. bxc3 c5 7. cxd5 exd5 8.
e3 Qc7 9. Ra2 cxd4 10. cxd4 Bf5 11. Ne2 Nbd7 12. Ng3 Bg6 13. Kf2 O-O 14. Bd3
Bxd3 15. Qxd3 Rac8 16. Bd2 Nb6 17. Ba5 Qc4 18. Qxc4 Nxc4 19. Bb4 Rfe8 20. Nf5
Kh8 21. Nd6 Nxd6 22. Bxd6 Re6 23. Bb4 Nd7 24. Rb1 b6 25. a4 a6 26. Ke2 f5 27.
Kd3 g5 28. Rbb2 Rec6 29. Rc2 Rxc2 30. Rxc2 Rxc2 31. Kxc2 Kg7 32. Be7 h6 33. Bd8
Kf7 34. Kd3 Ke6 35. Bc7 h5 36. h3 g4 37. Ke2 gxh3 38. gxh3 b5 39. axb5 axb5 40.
Kd3 Nf8 41. Ba5 1/2-1/2